000 00932nas a2200289 4500
001 BR9511825
003 BR-BrBNA
005 20231205095617.0
007 ta
008 230509b bl.|||p| |||| 00| 00por d
040 _aBR-BrBNA
_bpor
_cBiblioteca Nacional de Agricultura
041 _a(Pt)
072 _aF63
100 1 _aRocha, M.R. da
100 1 _aBorges, J.D.
100 1 _aNaves, R.V.
100 1 _aVidal, V.L.
111 1 _a12. Congresso Brasileiro de Fruticultura
_cPorto Alegre, RS (Brazil)
_d17-22 Jan 1993
245 1 _aEstudos sobre a emergencia de plantulas de jatoba-do-cerrado (Hymenaea stigonocarpa Mart.; Caesalpinaceae)
650 _aJatoba
650 _aPlantula
650 _aEmergencia
650 _aGerminacao
773 0 _tRevista Brasileira de Fruticultura (Brazil)
_xISSN 0100-2945
_g(1992), v. 14(1) p. 61-64
_wBR9511825
909 _a202311
_bLúcia
_c55
_dLúcia Elande
942 _2AGRIS
_n0
_cANA
999 _c151684
_d151684